Szczegóły MARC21

Organizational discourse studies. Vol. 2, Methods /

005 -DATA I CZAS OSTATNIEJ MODYFIKACJI [,]
    • @
    • pole kontrolne
    • 20140819101441.0
020 -Międzynarod. znormalizowany nr książki - ISBN [ , ]
    • a
    • Numer ISBN
    • 9781849207362 Find
040 -Instytucja sporządzająca opis [ , ]
    • a
    • Instytucja, która sporządziła opis (NP)
    • SZCZ U/DL
    • c
    • Instytucja, która sporządziła rekord (NP)
    • SZCZ U/DL
    • d
    • Instytucja, która zmodyfikowała rekord (P)
    • SZCZ U/JŚ
041 -Język dokumentu [0, ]
    • a
    • Język tekstu (P)
    • angielski
044 -Kraj miejsca wydania [ , ]
    • a
    • Kraj miejsca wydania
    • Wielka Brytania
942 -Rodzaj dokumentu [ , ]
    • c
    • Rodzaj dokumentu
    • Książka
245 -Strefa tytułu i oznaczenia odpowiedzialności [0,0]
    • a
    • Tytuł
    • Organizational discourse studies. Find
    • n
    • Oznaczenie części (P)
    • Vol. 2,
    • p
    • Nazwa części (P)
    • Methods /
    • c
    • Pozostałe elementy strefy tytułu i oznaczenia odpowiedzialności (NP)
    • ed. by David Grant, Cynthia Hardy and Linda L. Putnam.
260 -Strefa adresu wydawniczego [ , ]
    • a
    • Miejsce wydania (P)
    • London [etc.] :
    • b
    • Nazwa wydawcy (P)
    • SAGE,
    • c
    • Data wydania (P)
    • 2011.
300 -Strefa opisu fizycznego [ , ]
    • a
    • Określenie formy książki i/lub objętość (NP)
    • VI, 442 s. :
    • b
    • Oznaczenie ilustracji (NP)
    • il. ;
    • c
    • Format (NP)
    • 24 cm.
490 -Strefa serii i książki wielotomowej - forma nie do wyszukiwania [1, ]
    • a
    • Tytuł (P)
    • SAGE Library in Business & Management Find
830 -Hasło dodatkowe serii i opisu książki wielotomowej - tytuł ujednolicony/tytuł [ ,0]
    • 9
    • KHW
    • 72694
    • a
    • Tytuł ujednolicony/tytuł (NP)
    • SAGE Library in Business and Management
504 -Uwaga dot. bibliogr. załącznikowej [ , ]
    • a
    • Uwaga dot. bibliografii załącznikowej
    • Bibliogr. przy rozdz.
080 -Uniwersalna Klasyfikacja Dziesiętna [ , ]
    • 2
    • Identyfikator wydania tablic
    • UDC-P058
    • 9
    • UKD
    • 2210
    • a
    • Symbol klasyfikacji
    • 005.7
    • b
    • Dopowiedzenie
    • Zarządzanie. Zarządzanie organizacyjne.
    • 4
    • UKD2
    • 7644
    • x
    • Poddział wspólny
    • =111
    • c
    • Dopowiedzenie poddz. wspólnego
    • =Język angielski.
980 -Symbol UKD [ , ]
    • a
    • UKD
    • 005.7=111
700 -Hasło dodatkowe - nazwa osobowa [1, ]
    • 9
    • KHW
    • 73396
    • a
    • Nazwa osobowa (NP)
    • Grant, David Find
    • d
    • Daty biograficzne (NP)
    • (1964- ).
    • e
    • Określenie rodzaju współpracy
    • Red.
700 -Hasło dodatkowe - nazwa osobowa [1, ]
    • 9
    • KHW
    • 73397
    • a
    • Nazwa osobowa (NP)
    • Hardy, Cynthia Find
    • d
    • Daty biograficzne (NP)
    • (1956- ).
    • e
    • Określenie rodzaju współpracy
    • Red.
700 -Hasło dodatkowe - nazwa osobowa [1, ]
    • 9
    • KHW
    • 73398
    • a
    • Nazwa osobowa (NP)
    • Putnam, Linda L. Find
    • e
    • Określenie rodzaju współpracy
    • Red.
710 -Hasło dodatkowe - nazwa ciała zbiorowego [2, ]
    • 9
    • KHW
    • 55261
    • a
    • Nazwa ciała zbiorowego lub nazwa geograficzna jako pierwszy element (NP)
    • SAGE Publishing.
    • 4
    • Kod relacji
    • pbl
920 -ISBN [ , ]
    • a
    • ISBN
    • 978-1-84920-736-2 (set of three volumes) Find
Sygnatura Numer inwentarzowy Status udost. Data inwentaryzacji Lokalizacja
T.16005T.16005-22014-04-10T